[Event "6th LCC Super Rapidplay Open 2014"]
[Site "London ENG"]
[Date "2014.12.06"]
[Round "1.2"]
[White "Zhu, Richard"]
[Black "Caruana, Fabiano"]
[Result "0-1"]
[BlackTitle "GM"]
[WhiteElo "1869"]
[BlackElo "2829"]
[WhiteFideId "426377"]
[BlackFideId "2020009"]
[EventDate "2014.12.06"]

1. Nf3 Nf6 2. g3 c5 3. Bg2 d5 4. O-O g6 5. d4 cxd4 6. Nxd4 Bg7 7. Na3 Nc6 8.
Nxc6 bxc6 9. c4 O-O 10. Qc2 Bf5 11. Qa4 Qb6 12. Qb3 Qxb3 13. axb3 Rab8 14. cxd5
cxd5 15. Be3 Rxb3 16. Bxa7 Rxb2 17. Bf3 Ne4 18. Bxe4 Bxe4 19. f3 Rb7 20. fxe4
Rxa7 21. Ra2 dxe4 22. Rb1 Rfa8 23. Rb3 Bd4+ 24. e3 Bc5 25. Rc3 Bxa3 26. Rc4 f5 0-1

[Event "6th LCC Super Rapidplay Open 2014"]
[Site "London ENG"]
[Date "2014.12.06"]
[Round "1.3"]
[White "Anand, Viswanathan"]
[Black "Karia, Rishul"]
[Result "1-0"]
[WhiteTitle "GM"]
[WhiteElo "2793"]
[BlackElo "1646"]
[WhiteFideId "5000017"]
[BlackFideId "429384"]
[EventDate "2014.12.06"]

1. d4 Nf6 2. c4 g6 3. Nc3 d5 4. Nf3 Bg7 5. e3 c6 6. h3 Bf5 7. g4 Be4 8. g5 Nfd7
9. cxd5 cxd5 10. Nxe4 dxe4 11. Nd2 Qa5 12. Qb3 b6 13. Qc3 Qxc3 14. bxc3 f5 15.
gxf6 Nxf6 16. Bg2 Nbd7 17. Nxe4 Rc8 18. Bd2 e5 19. Nd6+ Ke7 20. Nxc8+ Rxc8 21.
Ke2 exd4 22. cxd4 Ke8 1-0

[Event "6th LCC Super Rapidplay Open 2014"]
[Site "London ENG"]
[Date "2014.12.06"]
[Round "1.5"]
[White "Kramnik, Vladimir"]
[Black "Wei, Naomi"]
[Result "1-0"]
[WhiteTitle "GM"]
[WhiteElo "2769"]
[BlackElo "1762"]
[WhiteFideId "4101588"]
[BlackFideId "425850"]
[EventDate "2014.12.06"]

1. Nf3 Nf6 2. g3 e6 3. Bg2 d5 4. O-O Be7 5. c4 O-O 6. b3 c6 7. Bb2 Nbd7 8. d4 b6
9. Nc3 Bb7 10. Qc2 Rc8 11. Rad1 Qc7 12. e4 dxe4 13. Nxe4 Nxe4 14. Qxe4 Nf6 15.
Qe5 Rfd8 16. Qxc7 Rxc7 17. Ne5 b5 18. Bc3 b4 19. Bb2 a5 20. Bc1 Nd7 21. Nd3 Rcc8
22. Rfe1 Kf8 23. Bf4 g5 24. Be3 f6 25. f4 g4 26. f5 exf5 27. Rf1 Kg7 28. Rxf5
Nf8 29. Nf4 Ra8 30. Rf1 a4 31. Nh5+ Kg8 32. Nxf6+ Bxf6 33. Rxf6 Ng6 34. Rf7 Ba6
35. d5 Ne5 36. R7f5 Nf3+ 37. Bxf3 gxf3 38. Rg5+ Kf7 39. Rxf3+ Ke7 40. Rg7+ Kd6
41. Rf6+ Ke5 42. Re6+ Kf5 43. g4# 1-0

[Event "6th LCC Super Rapidplay Open 2014"]
[Site "London ENG"]
[Date "2014.12.06"]
[Round "1.7"]
[White "Short, Nigel D"]
[Black "Taylor, William J"]
[Result "1-0"]
[WhiteTitle "GM"]
[WhiteElo "2661"]
[BlackElo "2000"]
[WhiteFideId "400025"]
[BlackFideId "423130"]
[EventDate "2014.12.06"]

1. e4 e5 2. Nf3 Nc6 3. Bc4 Bc5 4. c3 Nf6 5. b4 Bb6 6. d3 d6 7. Nbd2 O-O 8. O-O
Be6 9. a4 a6 10. Re1 Re8 11. Qb3 d5 12. exd5 Bxd5 13. Ne4 Bxc4 14. Qxc4 Nxe4 15.
dxe4 Qd6 16. Bg5 Kf8 17. Red1 Qe6 18. Qxe6 Rxe6 19. Kf1 f6 20. Bc1 Rd8 21. Ba3
Ke8 22. Ke2 g6 23. Nd2 Ne7 24. b5 Nc8 25. Nc4 Nd6 26. Bxd6 Rexd6 27. Rxd6 Rxd6
28. Nxd6+ cxd6 29. bxa6 bxa6 30. Rb1 1-0

[Event "6th LCC Super Rapidplay Open 2014"]
[Site "London ENG"]
[Date "2014.12.06"]
[Round "1.8"]
[White "Bennett, Dominic L"]
[Black "Agdestein, Simen"]
[Result "0-1"]
[BlackTitle "GM"]
[WhiteElo "1963"]
[BlackElo "2626"]
[WhiteFideId "416657"]
[BlackFideId "1500015"]
[EventDate "2014.12.06"]

1. Nf3 Nf6 2. d4 d5 3. c4 e6 4. Nc3 Bb4 5. e3 O-O 6. Bd3 b6 7. O-O Ba6 8. Ne5 c5
9. a3 Bxc3 10. bxc3 Qc7 11. Qe2 Nc6 12. cxd5 Bxd3 13. Nxd3 exd5 14. dxc5 bxc5
15. Nxc5 Na5 16. Na6 Qb7 17. Rd1 Nc4 18. Nb4 Rfd8 19. Bd2 a5 20. Nc2 Rab8 21.
Nd4 a4 22. Be1 Qd7 23. Qf3 Re8 24. Qf5 Qd6 25. Qg5 h6 26. Qh4 Rb2 27. Rd3 Kh7
28. Nf5 Qe5 29. g4 Qe6 30. f3 Ne5 31. Nd4 Qb6 32. Rd2 Rxd2 33. g5 Rxd4 34. g6+ 0-1

[Event "6th LCC Super Rapidplay Open 2014"]
[Site "London ENG"]
[Date "2014.12.06"]
[Round "1.10"]
[White "Lees, Fraser A"]
[Black "Howell, David W L"]
[Result "0-1"]
[BlackTitle "GM"]
[WhiteElo "1800"]
[BlackElo "2670"]
[WhiteFideId "2404583"]
[BlackFideId "410608"]
[EventDate "2014.12.06"]

1. f4 b6 2. b3 Bb7 3. Bb2 e6 4. Nf3 Bxf3 5. exf3 Nf6 6. Nc3 d5 7. Bd3 Bd6 8. g3
O-O 9. Qe2 c5 10. Nb5 Be7 11. Be5 Nc6 12. O-O a6 13. Nc7 Nxe5 14. fxe5 Qxc7 15.
exf6 Bxf6 16. Rae1 b5 17. c3 g6 18. f4 Rad8 19. h4 c4 20. Bb1 d4 21. cxd4 Rxd4
22. h5 Qc5 23. Kh2 Rfd8 24. Rf2 Kg7 25. Rh1 Qxh5+ 26. Qxh5 gxh5 27. Kg2 h4 28.
gxh4 Rxd2 29. bxc4 bxc4 30. Rc1 c3 31. Rc2 Rd1 32. Rf1 Rxf1 0-1

[Event "6th LCC Super Rapidplay Open 2014"]
[Site "London ENG"]
[Date "2014.12.06"]
[Round "2.2"]
[White "Caruana, Fabiano"]
[Black "Richardson, John R"]
[Result "1-0"]
[WhiteTitle "GM"]
[BlackTitle "FM"]
[WhiteElo "2829"]
[BlackElo "2338"]
[WhiteFideId "2020009"]
[BlackFideId "401617"]
[EventDate "2014.12.06"]

1. Nf3 d5 2. g3 Nf6 3. Bg2 c6 4. d3 Bg4 5. Nbd2 Nbd7 6. h3 Bh5 7. e4 e6 8. O-O
Bc5 9. Qe2 O-O 10. b3 a5 11. a3 Bd4 12. Ra2 Bc3 13. Nb1 Bxf3 14. Bxf3 Bd4 15. c3
dxe4 16. dxe4 Be5 17. Bg2 Qb6 18. Rb2 Bd6 19. Rd1 Qc7 20. b4 axb4 21. axb4 b5
22. Be3 Ra1 23. Nd2 Rxd1+ 24. Qxd1 Ra8 25. Nb3 Be5 26. Qd3 Bd6 27. Na5 Ne5 28.
Qe2 Bf8 29. Bf4 Nfd7 30. Rd2 f6 31. h4 Nb6 32. Bh3 Re8 33. Kg2 Qc8 34. Bxe5 fxe5
35. Qh5 Nd7 36. Nb3 Re7 37. Rd6 g6 38. Qg5 Qe8 39. Nc5 Nxc5 40. bxc5 Bg7 41. Qd2
Qf7 42. Rxc6 h6 43. Qd6 Kh7 44. Bxe6 Qe8 45. Rc8 1-0

[Event "6th LCC Super Rapidplay Open 2014"]
[Site "London ENG"]
[Date "2014.12.06"]
[Round "2.3"]
[White "Prill, Daniel"]
[Black "Anand, Viswanathan"]
[Result "0-1"]
[BlackTitle "GM"]
[WhiteElo "2193"]
[BlackElo "2793"]
[WhiteFideId "1310453"]
[BlackFideId "5000017"]
[EventDate "2014.12.06"]

1. d4 Nf6 2. Nf3 d5 3. e3 c6 4. Bd3 Bg4 5. Nbd2 Nbd7 6. h3 Bh5 7. c3 Qc7 8. e4
dxe4 9. Nxe4 e6 10. O-O Be7 11. Re1 Bg6 12. Neg5 Bxd3 13. Qxd3 h6 14. Ne4 O-O
15. Nxf6+ Bxf6 16. Qe4 Qa5 17. Bf4 Rfe8 18. Re2 Qd5 19. Nd2 Qb5 20. Nf3 a5 21.
Rae1 Qd5 22. Qb1 a4 23. a3 Ra5 24. Be5 Rea8 25. Bc7 Rb5 26. Nd2 Qf5 27. Ne4 Be7
28. Re3 Nf6 29. Nxf6+ Bxf6 30. Qxf5 Rxf5 31. Be5 Bxe5 32. Rxe5 Rxe5 33. Rxe5 Kf8
34. Kf1 Ke7 35. Ke2 f6 36. Re3 Kd6 37. Kd3 Ra5 38. f4 g5 39. Rf3 Ke7 40. c4 c5
41. d5 exd5 42. cxd5 Rb5 43. Rf2 Rb3+ 44. Kc4 Kd6 0-1

[Event "6th LCC Super Rapidplay Open 2014"]
[Site "London ENG"]
[Date "2014.12.06"]
[Round "2.4"]
[White "Adams, Michael"]
[Black "Bates, Caspar J"]
[Result "1-0"]
[WhiteTitle "GM"]
[WhiteElo "2745"]
[BlackElo "2185"]
[WhiteFideId "400041"]
[BlackFideId "414760"]
[EventDate "2014.12.06"]

1. c4 Nf6 2. g3 e5 3. Bg2 Bc5 4. Nc3 d6 5. Nf3 Nc6 6. O-O O-O 7. e3 a6 8. d4 Ba7
9. dxe5 dxe5 10. b3 Bf5 11. Ba3 Re8 12. Qxd8 Raxd8 13. Rfd1 Bc2 14. Rxd8 Rxd8
15. Rc1 Bd3 16. Rd1 e4 17. Ne1 Re8 18. Nxd3 exd3 19. Bxc6 bxc6 20. Rxd3 h6 21.
h3 a5 22. Kg2 Kh7 23. Bb2 Bc5 24. Na4 Be7 25. Bc3 Bb4 26. Bxf6 gxf6 27. Rd7 Re7
28. Rxe7 Bxe7 29. Nb2 Kg6 30. Nd3 Kf5 31. Kf3 Bd6 32. e4+ Ke6 33. c5 Bf8 34. g4
Be7 35. a4 Kd7 36. Kf4 Ke6 37. Ke3 Bf8 38. Kd4 Bg7 39. Kc4 Kd7 40. b4 axb4 41.
Nxb4 Bf8 42. a5 Kc8 43. Nxc6 Kb7 44. Kb5 Kc8 45. a6 Bg7 46. Nd8 Kb8 47. Nxf7 1-0

[Event "6th LCC Super Rapidplay Open 2014"]
[Site "London ENG"]
[Date "2014.12.06"]
[Round "2.5"]
[White "Vujatovic, Rajko"]
[Black "Kramnik, Vladimir"]
[Result "0-1"]
[BlackTitle "GM"]
[WhiteElo "2222"]
[BlackElo "2769"]
[WhiteFideId "403393"]
[BlackFideId "4101588"]
[EventDate "2014.12.06"]

1. d4 Nf6 2. Nf3 e6 3. c4 b6 4. g3 Bb7 5. Bg2 g6 6. O-O Bg7 7. Nc3 Ne4 8. Nxe4
Bxe4 9. Bg5 Qc8 10. Qd2 O-O 11. Rac1 d6 12. Bh6 Nd7 13. h4 Nf6 14. Bxg7 Kxg7 15.
Rfd1 Qb7 16. Ne1 Bxg2 17. Nxg2 Rad8 18. Nf4 c5 19. d5 e5 20. Nh3 Qd7 21. Kg2 Ne4
22. Qe3 f5 23. h5 h6 24. hxg6 Qe8 25. Qa3 Qxg6 26. Qxa7+ Rf7 27. Qxb6 Rg8 28.
Rd3 f4 29. Rg1 Kh8 30. Kh2 fxg3+ 31. Rdxg3 Rxf2+ 32. Nxf2 Nxg3 33. Rxg3 Qxg3+
34. Kh1 Qg1# 0-1

[Event "6th LCC Super Rapidplay Open 2014"]
[Site "London ENG"]
[Date "2014.12.06"]
[Round "2.6"]
[White "Sadler, Matthew D"]
[Black "Walton, Alan J"]
[Result "1-0"]
[WhiteTitle "GM"]
[BlackTitle "CM"]
[WhiteElo "2658"]
[BlackElo "2129"]
[WhiteFideId "400173"]
[BlackFideId "409898"]
[EventDate "2014.12.06"]

1. e4 e6 2. d4 d5 3. Nd2 Be7 4. Ngf3 Nf6 5. e5 Nfd7 6. a3 b6 7. c4 Bb7 8. cxd5
Bxd5 9. Bc4 Nf8 10. h4 g5 11. hxg5 Bxg5 12. Ne4 Bxe4 13. Bxg5 Bxf3 14. Qxf3 Qxg5
15. Qxa8 Nd7 16. Bb5 O-O 17. Qe4 f5 18. Qh4 1-0

[Event "6th LCC Super Rapidplay Open 2014"]
[Site "London ENG"]
[Date "2014.12.06"]
[Round "2.7"]
[White "Salomon, Johan"]
[Black "Short, Nigel D"]
[Result "1/2-1/2"]
[WhiteTitle "FM"]
[BlackTitle "GM"]
[WhiteElo "2343"]
[BlackElo "2661"]
[WhiteFideId "1509500"]
[BlackFideId "400025"]
[EventDate "2014.12.06"]

1. d4 e6 2. c4 Nf6 3. Nc3 Bb4 4. Qc2 d5 5. cxd5 Qxd5 6. e3 c5 7. Bd2 Bxc3 8.
Bxc3 cxd4 9. Bxd4 Nc6 10. Bxf6 gxf6 11. Nf3 Bd7 12. Bc4 Qa5+ 13. Ke2 Qh5 14.
Rhd1 Ne5 15. Qb3 Nxf3 16. gxf3 Bc6 17. e4 Bxe4 18. Qb5+ Qxb5 19. Bxb5+ Bc6 20.
Bxc6+ bxc6 21. Rac1 O-O 22. Rxc6 a5 23. Rdd6 a4 24. Ra6 Rxa6 25. Rxa6 Rb8 26.
Rxa4 Rxb2+ 27. Ke3 f5 28. Ra8+ Kg7 29. a4 e5 30. f4 Rb3+ 31. Ke2 exf4 32. Rc8
Ra3 33. Rc4 f3+ 34. Kd2 Kf6 35. Rc3 Rxa4 36. Rxf3 Rd4+ 37. Ke2 h5 38. Kf1 Rg4
39. Rh3 Kg5 40. Rf3 f6 41. Rd3 Kh4 42. Rf3 f4 43. h3 Rg6 44. Rxf4+ Kxh3 45. Rf5
h4 46. Rf4 Rg8 47. Rxf6 Kh2 48. f4 h3 49. Kf2 Rg2+ 50. Kf3 Kh1 51. f5 h2 52. Rh6
Kg1 53. Kf4 h1=Q 54. Rxh1+ Kxh1 55. f6 Kh2 56. Ke5 Rf2 57. Ke6 Kg3 58. f7 Kg4
59. Ke7 Kg5 60. f8=R Rf5 61. Rxf5+ Kxf5 1/2-1/2

[Event "6th LCC Super Rapidplay Open 2014"]
[Site "London ENG"]
[Date "2014.12.06"]
[Round "2.8"]
[White "Agdestein, Simen"]
[Black "Farkas, Daniel"]
[Result "1-0"]
[WhiteTitle "GM"]
[WhiteElo "2626"]
[BlackElo "2137"]
[WhiteFideId "1500015"]
[BlackFideId "726052"]
[EventDate "2014.12.06"]

1. e4 c6 2. d4 d5 3. e5 c5 4. dxc5 e6 5. Qg4 Nc6 6. Nf3 Qa5+ 7. c3 Qxc5 8. b4
Qb6 9. b5 Na5 10. Be3 Qc7 11. Bd3 h6 12. O-O Bd7 13. Nbd2 Qxc3 14. Be2 Rc8 15.
Bxa7 Qc7 16. Bd4 g6 17. Bd3 b6 18. h4 h5 19. Qh3 Nh6 20. a4 Bg7 21. Rfe1 O-O 22.
Ng5 Ng4 23. Qg3 Qb8 24. f3 Nh6 25. Qf2 Nc4 26. Nxc4 dxc4 27. Bc2 Nf5 28. Bxf5
exf5 29. f4 Rfe8 30. Bxb6 Bf8 31. Bd4 c3 32. Rec1 Bb4 33. Qa2 Re7 34. Rab1 Ba5
35. Qa3 Ree8 36. Rc2 Rc4 37. Bxc3 Bxc3 38. Rxc3 Rxf4 39. a5 Qxe5 40. Qb3 Re7 41.
Nf3 Qf6 42. b6 1-0

[Event "6th LCC Super Rapidplay Open 2014"]
[Site "London ENG"]
[Date "2014.12.06"]
[Round "2.9"]
[White "Hahn, Florian"]
[Black "Van Wely, Loek"]
[Result "0-1"]
[BlackTitle "GM"]
[WhiteElo "2165"]
[BlackElo "2667"]
[WhiteFideId "24659720"]
[BlackFideId "1000268"]
[EventDate "2014.12.06"]

1. d4 Nf6 2. c4 e6 3. Nf3 d5 4. g3 dxc4 5. Qa4+ Nbd7 6. Qxc4 a6 7. Bg2 b5 8. Qc2
Bb7 9. O-O c5 10. Nbd2 Rc8 11. Qb1 Qb6 12. e4 cxd4 13. e5 Ng4 14. Nb3 Ngxe5 15.
Nbxd4 Bc5 16. Nxe5 Nxe5 17. Nb3 Bxf2+ 18. Kh1 Ng4 19. h3 Bxg2+ 0-1

[Event "6th LCC Super Rapidplay Open 2014"]
[Site "London ENG"]
[Date "2014.12.06"]
[Round "2.10"]
[White "Howell, David W L"]
[Black "Hill, Alistair"]
[Result "1-0"]
[WhiteTitle "GM"]
[WhiteElo "2670"]
[BlackElo "2112"]
[WhiteFideId "410608"]
[BlackFideId "432407"]
[EventDate "2014.12.06"]

1. c4 g6 2. d4 Nf6 3. Nc3 d5 4. Nf3 Bg7 5. e3 O-O 6. b4 a5 7. b5 c5 8. bxc6 bxc6
9. Ba3 Bg4 10. Rc1 Re8 11. Be2 Bxf3 12. Bxf3 dxc4 13. O-O Nd5 14. Na4 e5 15.
dxe5 Nd7 16. Be2 Nxe5 17. Bxc4 Qh4 18. Bxd5 cxd5 19. Bd6 Nc4 20. Bg3 Qg5 21. Nc3
Rad8 22. Ne2 h5 23. Nd4 Bxd4 24. Qxd4 Nd6 25. Bh4 Qf5 26. Bxd8 Rxd8 27. Qb6 Qg5
28. Qxa5 Ne4 29. Rcd1 h4 30. h3 Rd6 31. Rd4 Qf5 32. Qc7 Rf6 33. Qd8+ Kg7 34.
Qxd5 Qxd5 35. Rxd5 Nc3 36. Rd2 1-0

[Event "6th LCC Super Rapidplay Open 2014"]
[Site "London ENG"]
[Date "2014.12.06"]
[Round "3.2"]
[White "Mortazavi, Ali"]
[Black "Caruana, Fabiano"]
[Result "0-1"]
[WhiteTitle "IM"]
[BlackTitle "GM"]
[WhiteElo "2353"]
[BlackElo "2829"]
[WhiteFideId "401323"]
[BlackFideId "2020009"]
[EventDate "2014.12.06"]

1. Nf3 d5 2. g3 c6 3. Bg2 Bg4 4. O-O e6 5. d3 Bd6 6. c4 Nf6 7. b3 dxc4 8. d4
cxb3 9. Qxb3 Qb6 10. Qa4 Qa6 11. Qb3 Nbd7 12. Nc3 O-O 13. Rb1 b5 14. Bf4 Bxf4
15. gxf4 Rab8 16. Ne5 Nxe5 17. dxe5 Nd5 18. e3 Nxc3 19. Qxc3 Be2 20. Rfc1 Bc4
21. e4 Rbd8 22. Qg3 Qxa2 23. f5 Qd2 24. f4 Kh8 25. Kh1 exf5 26. exf5 Bd3 27. f6
gxf6 28. Qh4 fxe5 29. Qf6+ Kg8 30. Rg1 Bg6 31. f5 Qd6 32. Qg5 Kg7 33. Rbf1 c5
34. Rf3 Qd2 35. Qh4 Rd4 36. Qe7 e4 37. Rg3 Qf4 38. Rf1 Qd6 39. Qh4 e3 40. Qh5
Qxg3 41. f6+ Kh8 42. Qh6 Qxg2+ 43. Kxg2 Rg8 44. Kf3 Re4 45. Rd1 Ree8 46. Re1 Re6
47. Rxe3 Rxf6+ 48. Ke2 Bd3+ 0-1

[Event "6th LCC Super Rapidplay Open 2014"]
[Site "London ENG"]
[Date "2014.12.06"]
[Round "3.3"]
[White "Anand, Viswanathan"]
[Black "Hamitevici, Vladimir"]
[Result "1-0"]
[WhiteTitle "GM"]
[BlackTitle "IM"]
[WhiteElo "2793"]
[BlackElo "2446"]
[WhiteFideId "5000017"]
[BlackFideId "13902393"]
[EventDate "2014.12.06"]

1. d4 Nf6 2. c4 b6 3. Nc3 Bb7 4. Qc2 d5 5. Bg5 e6 6. cxd5 exd5 7. g3 Be7 8. Bg2
O-O 9. Rd1 Re8 10. Nf3 Ne4 11. Bf4 Bd6 12. O-O Bxf4 13. gxf4 Nxc3 14. bxc3 Nc6
15. Kh1 Qf6 16. e3 Na5 17. Ne5 Rad8 18. Rg1 Bc8 19. Bf1 Bf5 20. Bd3 Bxd3 21.
Qxd3 Nc6 22. Rg3 g6 23. Ng4 Qh4 24. Rdg1 Kh8 25. Qf1 f5 26. Rh3 Qe7 27. Ne5 Nxe5
28. fxe5 Qf7 29. Qg2 Re6 30. Qg5 Rde8 31. Rh6 Qe7 32. Qf4 Rg8 33. h4 Qf8 34. Qg5
Qd8 35. Kg2 Qxg5+ 36. hxg5 Rc6 37. Rc1 Rc4 38. Kf3 Ra4 39. Rc2 Re8 40. Kf4 Kg8
41. f3 Rc4 42. Rh1 Re7 43. e4 fxe4 44. fxe4 c6 45. Ke3 dxe4 46. Rf1 c5 47. Rff2
Rd7 48. e6 Rd8 49. d5 1-0

[Event "6th LCC Super Rapidplay Open 2014"]
[Site "London ENG"]
[Date "2014.12.06"]
[Round "3.4"]
[White "Cobb, James"]
[Black "Adams, Michael"]
[Result "0-1"]
[WhiteTitle "IM"]
[BlackTitle "GM"]
[WhiteElo "2423"]
[BlackElo "2745"]
[WhiteFideId "1800949"]
[BlackFideId "400041"]
[EventDate "2014.12.06"]

1. Nf3 d5 2. g3 Bg4 3. Bg2 c6 4. O-O e6 5. d4 Nf6 6. Nbd2 Be7 7. Re1 O-O 8. e4
a5 9. c3 a4 10. e5 Nfd7 11. Nf1 c5 12. Ne3 Bxf3 13. Qxf3 Nc6 14. Rd1 Kh8 15. Qg4
Ra6 16. h4 cxd4 17. cxd4 Rb6 18. Nc2 Qc8 19. Qe2 Ndb8 20. Ne1 Na5 21. Nf3 Qc4
22. Qd2 Bb4 23. Qg5 Qc2 24. Bd2 Nbc6 25. Rac1 Qg6 26. Qxg6 hxg6 27. Bf1 Be7 28.
Rc2 Ra8 29. Rdc1 Nc4 30. Bxc4 dxc4 31. a3 Rb3 32. Bc3 b5 33. Nd2 Rxc3 34. bxc3
Bxa3 35. Rb1 Ra5 36. Ne4 Kg8 37. Nd6 Bxd6 38. exd6 Kf8 39. d5 Nd8 40. Rcb2 a3
41. Ra2 exd5 42. Rd1 Ke8 43. Rxd5 Kd7 44. Rd1 Nb7 45. Rda1 Nxd6 46. Rxa3 Rxa3
47. Rxa3 Ne4 48. Kf1 Kc6 49. Ke2 f5 50. Ke3 Kc5 51. g4 Nf6 52. gxf5 gxf5 53. Kf4
Ne4 54. Kxf5 Nxc3 55. Rxc3 b4 56. Rc1 c3 57. Ke4 Kc4 58. Ke3 b3 59. Rg1 b2 0-1

[Event "6th LCC Super Rapidplay Open 2014"]
[Site "London ENG"]
[Date "2014.12.06"]
[Round "3.5"]
[White "Kramnik, Vladimir"]
[Black "Milliet, Sophie"]
[Result "1-0"]
[WhiteTitle "GM"]
[BlackTitle "IM"]
[WhiteElo "2769"]
[BlackElo "2387"]
[WhiteFideId "4101588"]
[BlackFideId "623725"]
[EventDate "2014.12.06"]

1. Nf3 c5 2. g3 Nc6 3. Bg2 g6 4. O-O Bg7 5. d3 d5 6. Nc3 e6 7. Bg5 Nge7 8. Qc1
h6 9. Bd2 g5 10. a3 b6 11. Rb1 Bb7 12. b4 cxb4 13. axb4 Rc8 14. b5 Na5 15. Na4
Qc7 16. Qa3 O-O 17. Rfc1 Nf5 18. e3 Rfd8 19. Bb4 d4 20. e4 Nd6 21. c4 dxc3 22.
Bxc3 Bxc3 23. Nxc3 Qe7 24. Qb2 Ne8 25. d4 Nd6 26. Qe2 Ndc4 27. h3 Rc7 28. Na2
Rdc8 29. Nh2 Na3 30. Rxc7 Rxc7 31. Rd1 Rc2 32. Qh5 Rxa2 33. Ng4 Kf8 34. Qxh6+
Ke8 35. Nf6+ Kd8 36. d5 exd5 37. exd5 Qe2 38. Qf8+ 1-0

[Event "6th LCC Super Rapidplay Open 2014"]
[Site "London ENG"]
[Date "2014.12.06"]
[Round "3.6"]
[White "Weber, Tom"]
[Black "Sadler, Matthew D"]
[Result "0-1"]
[WhiteTitle "IM"]
[BlackTitle "GM"]
[WhiteElo "2406"]
[BlackElo "2658"]
[WhiteFideId "4000609"]
[BlackFideId "400173"]
[EventDate "2014.12.06"]

1. c4 e5 2. g3 Nf6 3. Bg2 c6 4. d4 e4 5. Nc3 d5 6. cxd5 cxd5 7. Bg5 Nbd7 8. Nh3
h6 9. Bxf6 Nxf6 10. O-O Bd7 11. f3 exf3 12. Rxf3 Be7 13. Nf4 Bc6 14. Nd3 O-O 15.
Ne5 Bd6 16. Nxc6 bxc6 17. Qd3 Rb8 18. b3 Re8 19. Raf1 Rb7 20. Re3 Rxe3 21. Qxe3
Re7 22. Qd3 Qe8 23. Bf3 Bb4 24. Nd1 Ne4 25. Bxe4 Rxe4 26. e3 Qe6 27. Kg2 c5 28.
dxc5 Bxc5 29. Rf4 Re5 30. Rf3 g6 31. Qc3 Bb6 32. h3 h5 33. a4 a5 34. Qd3 h4 35.
g4 Qd6 36. Kf2 Re7 37. Ke2 d4 38. Nf2 Qe6 39. Qb5 dxe3 40. Nd3 Qd6 41. Rf4 Rd7
42. g5 Qc7 43. Qc4 Qd8 44. Rf6 Rc7 45. Rxg6+ Kf8 46. Rc6 Qxg5 47. Rxc7 Qg2+ 48.
Ke1 Qd2+ 0-1

[Event "6th LCC Super Rapidplay Open 2014"]
[Site "London ENG"]
[Date "2014.12.06"]
[Round "3.7"]
[White "Ledger, Andrew J"]
[Black "Agdestein, Simen"]
[Result "0-1"]
[WhiteTitle "IM"]
[BlackTitle "GM"]
[WhiteElo "2396"]
[BlackElo "2626"]
[WhiteFideId "400610"]
[BlackFideId "1500015"]
[EventDate "2014.12.06"]

1. c4 e5 2. g3 f5 3. Bg2 Nf6 4. d3 Bb4+ 5. Bd2 Bxd2+ 6. Qxd2 O-O 7. Nc3 c6 8. d4
d6 9. e3 e4 10. Nge2 d5 11. cxd5 cxd5 12. O-O Nc6 13. Rac1 Be6 14. Na4 Qe7 15.
Nc5 Bf7 16. b4 Ne8 17. b5 Nd8 18. f3 Nd6 19. fxe4 dxe4 20. a4 b6 21. Na6 Nc4 22.
Qc3 Rc8 23. Rxf5 Nd6 24. Re5 Qf6 25. Qe1 Rxc1 26. Qxc1 Bc4 27. Nc3 Qf2+ 28. Kh1
N8f7 29. Re7 Ng5 30. Nb4 Nf3 31. Nxe4 Nxe4 32. Rxe4 Ne1 33. Qxc4+ Kh8 34. Qa2
Qf1+ 0-1

[Event "6th LCC Super Rapidplay Open 2014"]
[Site "London ENG"]
[Date "2014.12.06"]
[Round "3.8"]
[White "Van Wely, Loek"]
[Black "Fernandez, Daniel Howard"]
[Result "1-0"]
[WhiteTitle "GM"]
[BlackTitle "IM"]
[WhiteElo "2667"]
[BlackElo "2454"]
[WhiteFideId "1000268"]
[BlackFideId "5801605"]
[EventDate "2014.12.06"]

1. d4 b5 2. e4 Bb7 3. Bd3 e6 4. Nf3 c5 5. c3 a6 6. O-O d6 7. Re1 Nd7 8. Nbd2 Be7
9. e5 cxd4 10. exd6 Bxd6 11. Nxd4 Ngf6 12. Nf5 Ne5 13. Nxd6+ Qxd6 14. Be2 O-O-O
15. a4 Qd5 16. f3 Neg4 17. Rf1 Ne3 18. Qb3 Nxf1 19. Qxd5 Rxd5 20. Nxf1 Rhd8 21.
axb5 axb5 22. Kf2 Bc6 23. Ne3 Rh5 24. Nc2 Kb7 25. Nb4 Nd5 26. Ra7+ Kxa7 27.
Nxc6+ Kb6 28. Nxd8 Rxh2 29. Nxf7 Rh1 30. Bf1 Rh4 31. g4 h6 32. Ne5 Ne7 33. Kg3
g5 34. Bg2 Kc7 35. f4 Kd6 36. Nf3 1-0

[Event "6th LCC Super Rapidplay Open 2014"]
[Site "London ENG"]
[Date "2014.12.06"]
[Round "3.9"]
[White "Gullaksen, Eirik"]
[Black "Howell, David W L"]
[Result "0-1"]
[WhiteTitle "IM"]
[BlackTitle "GM"]
[WhiteElo "2339"]
[BlackElo "2670"]
[WhiteFideId "1500945"]
[BlackFideId "410608"]
[EventDate "2014.12.06"]

1. e4 e5 2. Nf3 Nc6 3. Bb5 a6 4. Ba4 Nf6 5. O-O Be7 6. Re1 b5 7. Bb3 d6 8. c3
O-O 9. h3 Na5 10. Bc2 c5 11. d4 Nd7 12. Nbd2 exd4 13. cxd4 Re8 14. Nf1 Nc6 15.
Be3 Bb7 16. Qd2 Qa5 17. Qxa5 Nxa5 18. Rad1 Rad8 19. Bf4 Nc4 20. b3 Na3 21. Bd3
c4 22. bxc4 bxc4 23. Bc1 d5 24. Bxa3 Bxa3 25. Bc2 dxe4 26. N3d2 Nf6 27. Nxc4 Bb4
28. Re3 Nd5 29. Rb3 Bc6 30. Nfe3 Bf8 31. Nb6 Nf4 32. d5 Bb5 33. a4 Be2 34. Rd4
Nd3 35. Rc3 Bc5 36. Rdxd3 Bxb6 37. Rd2 Ba5 38. Rxe2 Bxc3 39. Bb3 Rb8 40. Bc4 Rb4
41. Bxa6 Rxa4 42. Bb5 Ra1+ 43. Kh2 Rb8 44. Rc2 Bd4 45. g4 g6 46. Bc6 Rb2 47. Kg2
Rxc2 48. Nxc2 Rd1 49. d6 Bc5 50. d7 Rd2 51. Bxe4 Rxd7 52. Ne1 Rd4 53. Kf3 Kg7
54. Nd3 Bb6 55. Nf4 Rd2 56. Nd3 Kf6 57. h4 Ke6 58. g5 Kd6 59. Kg2 Bd4 60. Kg3
Ke7 61. Kf3 Kf8 62. Kg3 Kg7 63. Kf3 h6 64. Kg3 Bb6 65. Kf3 Rd1 66. Ke2 Rg1 0-1